| 000 | 00769nam a2200217Ia 4500 | ||
|---|---|---|---|
| 999 |
_c47047 _d47047 |
||
| 001 | 13904 | ||
| 003 | GE_BSU | ||
| 005 | 20190618185509.0 | ||
| 008 | 181216s1975||||ge |||||||||||||| ||GEO|| | ||
| 040 | _cGE_BSU | ||
| 041 | _ageo | ||
| 080 | _a 7.01 ა-14 | ||
| 100 |
_aაბაშიძე, ლ. _92576 |
||
| 245 |
_aესთეტიკური ეტიუდები / _cლ. აბაშიძე ; რედ. შ.ზოიძე |
||
| 264 |
_aბათუმი : _b საბჭოთა აჭარა, _c1975. |
||
| 300 |
_a115 გვ. ; _c20 სმ. |
||
| 653 | _aესთეტიკა | ||
| 653 | _aესთეტიკური ეტიუდები | ||
| 700 |
_aზოიძე, შ. _eრედაქტორი _92577 |
||
| 942 |
_cBK _2udc |
||